00582 2200205 4500001002100000008004100021035002000062245007700082100001800159250001000177260004000187300002300227020002200250084001600272520002800288082001000316650002800326990001100354990001100365INLIS000000000014936 ind  a0010-1222000015 aSeni Mengembangkan Potensi DiricPrastiwi Uta;editor, Tim Pustaka Pintar aPRASTIWI, Uta acet.1 aTanggerang :bPintar Pustaka,c2021 avi, 92 hlmc21 cm. a978-602-51394-5-1 a153.8 PRA s aBibliografi.: 91-92 hlm a153.8 aPSIKOLOGI.MOTIVASI DIRI a9933 a a9933 b